Eastern Utah Libraries Catalog: Duchesne, Heber, Roosevelt, & Vernal

Weakness is not sin : (Record no. 288202)

MARC details
000 -LEADER
fixed length control field 01790cam a22004094a 4500
001 - CONTROL NUMBER
control field ocn320525196
003 - CONTROL NUMBER IDENTIFIER
control field OCoLC
005 - DATE AND TIME OF LATEST TRANSACTION
control field 20200320194623.0
008 - FIXED-LENGTH DATA ELEMENTS--GENERAL INFORMATION
fixed length control field 090501s2009 utua b 001 0 eng c
010 ## - LIBRARY OF CONGRESS CONTROL NUMBER
LC control number 2009018672
020 ## - INTERNATIONAL STANDARD BOOK NUMBER
International Standard Book Number 9781606411391
Qualifying information (paperbound)
020 ## - INTERNATIONAL STANDARD BOOK NUMBER
International Standard Book Number 160641139X
Qualifying information (paperbound)
035 ## - SYSTEM CONTROL NUMBER
System control number (OCoLC)320525196
040 ## - CATALOGING SOURCE
Original cataloging agency UPB/DLC
Language of cataloging eng
Transcribing agency DLC
Modifying agency OCLCO
-- OCLCQ
-- WACOL
042 ## - AUTHENTICATION CODE
Authentication code pcc
049 ## - LOCAL HOLDINGS (OCLC)
Holding library WACL
050 00 - LIBRARY OF CONGRESS CALL NUMBER
Classification number BX8656
Item number .U47 2009
082 00 - DEWEY DECIMAL CLASSIFICATION NUMBER
Classification number 248.4
Edition number 22
092 ## - LOCALLY ASSIGNED DEWEY CALL NUMBER (OCLC)
Classification number 248.4
Item number Ulr
100 1# - MAIN ENTRY--PERSONAL NAME
Personal name Ulrich, Wendy.
9 (RLIN) 5904184
245 10 - TITLE STATEMENT
Title Weakness is not sin :
Remainder of title the liberating distinction that awakens our strengths /
Statement of responsibility, etc Wendy Ulrich.
260 ## - PUBLICATION, DISTRIBUTION, ETC. (IMPRINT)
Place of publication, distribution, etc Salt Lake City, Utah :
Name of publisher, distributor, etc Deseret Book,
Date of publication, distribution, etc ©2009.
300 ## - PHYSICAL DESCRIPTION
Extent 153 pages :
Other physical details illustrations ;
Dimensions 23 cm
336 ## - Content Type
Content type term text
337 ## - Media type
Media type term unmediated
338 ## - Carrier type
Carrier type term volume
504 ## - BIBLIOGRAPHY, ETC. NOTE
Bibliography, etc Includes bibliographical references and index.
505 0# - FORMATTED CONTENTS NOTE
Formatted contents note Learning from weakness, living from strength -- Distinguishing sin from weakness -- Increasing self-awareness, avoiding self-deception -- Humility: the "repentance" for weakness -- Overcoming shame, strengthening humility -- When I am weak, then am I strong -- Living from strengths -- Strength in Christ.
521 ## - TARGET AUDIENCE NOTE
Target audience note non-fiction
Source deseret book
650 #0 - SUBJECT ADDED ENTRY--TOPICAL TERM
Topical term or geographic name as entry element Character
General subdivision Religious aspects
-- Church of Jesus Christ of Latter-day Saints.
9 (RLIN) 5904185
650 #0 - SUBJECT ADDED ENTRY--TOPICAL TERM
Topical term or geographic name as entry element Self-actualization (Psychology)
General subdivision Church of Jesus Christ of Latter-day Saints.
9 (RLIN) 5904186
650 #0 - SUBJECT ADDED ENTRY--TOPICAL TERM
Topical term or geographic name as entry element Christian life
General subdivision Mormon authors.
9 (RLIN) 100651
942 ## - ADDED ENTRY ELEMENTS (KOHA)
Koha item type BOOK
948 ## - LOCAL PROCESSING INFORMATION (OCLC); SERIES PART DESIGNATOR (RLIN)
Series part designator, SPT (RLIN) 12/11/2015
z (OCLC) Sirsi
994 ## -
-- C0
-- WACOL
996 ## -
-- 126976
-- 34301001221557
-- NF
-- bk
-- wcl
-- i
-- 2
-- 15.95
-- deseret book
-- 248.4 Ulr
-- 12/11/2015
-- 02/16/2016
-- 01/27/2016
Holdings
Withdrawn status Lost status Source of classification or shelving scheme Damaged status Not for loan Collection code Home library Current library Shelving location Date acquired Source of acquisition Cost, normal purchase price Total Checkouts Full call number Barcode Date last seen Date checked out Cost, replacement price Price effective from Koha item type
    Dewey Decimal Classification     General NonFiction Wasatch County Library Wasatch County Library Second Floor 12/11/2015   15.95 4 248.4 Ulr 34301001221557 02/26/2026 02/01/2023 15.95 03/20/2020 BOOK
This project was made possible through a grant from the Institute of Museum and Library Service administered by the Utah State Library Division.

Wasatch County Library

  • 465 East 1200 South, Heber City, Utah 84032
  • Phone 435-654-1511 | Fax 435-654-6456

Hours

  • Monday - Friday 9:30 AM - 8:00 PM
  • Saturday 9:30 AM - 1:30 PM
  • Closed Sundays and Holidays